[Event "Brussels FEFB-ch"]
[Site "Brussels"]
[Date "2012.05.20"]
[Round "7"]
[White "Werner, Yvan"]
[Black "Akhayan, Ruben"]
[Result "0-1"]
[WhiteElo "2074"]
[BlackElo "2298"]
[PlyCount "100"]
[EventDate "2012.05.17"]
[EventType "swiss"]
[EventRounds "7"]
[EventCountry "BEL"]
[SourceTitle "EXT 2014"]
[Source "ChessBase"]
[SourceDate "2013.11.20"]
[SourceVersion "1"]
[SourceVersionDate "2013.11.20"]
[SourceQuality "1"]

1. e4 e5 2. Nf3 Nc6 3. Nc3 Nf6 4. Bb5 Nd4 5. Ba4 c6 6. 0-0 Bc5 7. Nxe5 0-0 8. Nd3 Bb6 9. e5 Ne8 10. Ne4 d5 11. Ng3 f6 12. c3 Nf5 13. Bc2 Qc7 14. Qe2 Nxg3 15. hxg3 Bf5 16. Bb1 Rf7 17. e6 Re7 18. Nf4 Nd6 19. Bxf5 Nxf5 20. d4 Rae8 21. Qg4 Nd6 22. b3 Ba5 23. Ba3 Bxc3 24. Rac1 Ne4 25. Bxe7 Qxe7 26. Rfd1 Ba5 27. Rc2 Bb6 28. Rd3 Qb4 29. Rd1 Bxd4 30. Re2 Nc3 31. Rxd4 Qxd4 32. Re3 Ne4 33. Qe2 a5 34. Kh2 Re7 35. Rd3 Qe5 36. Qe1 b6 37. b4 g5 38. Nh5 Qxe6 39. bxa5 bxa5 40. Qxa5 Qf7 41. g4 Re8 42. f3 Nd6 43. Qb6 Rc8 44. Qd4 Ne8 45. Re3 Qc7+ 46. g3 Kf7 47. Qd3 Kg8 48. Qf5 Ng7 49. Nxf6+ Kf7 50. Qxg5 Rb8 0-1

[Event "BEL-ch op"]
[Site "Namur"]
[Date "2009.07.09"]
[Round "6"]
[White "Maddens, Martijn"]
[Black "Werner, Yvan"]
[Result "0-1"]
[WhiteElo "1965"]
[BlackElo "2065"]
[PlyCount "78"]
[EventDate "2009.07.04"]
[EventType "swiss"]
[EventRounds "9"]
[EventCountry "BEL"]
[SourceTitle "EXT 2010"]
[Source "ChessBase"]
[SourceDate "2010.11.25"]
[SourceVersion "1"]
[SourceVersionDate "2010.11.25"]
[SourceQuality "1"]

1. e4 e5 2. Nf3 Nc6 3. Nc3 Nf6 4. g3 Bc5 5. Bg2 d6 6. d3 Ne7 7. Na4 Bb6 8. Nxb6 axb6 9. 0-0 c5 10. h3 Nc6 11. Nh4 h6 12. Nf5 g5 13. f4 gxf4 14. gxf4 Bxf5 15. exf5 Qd7 16. fxe5 dxe5 17. Qe1 0-0-0 18. Qh4 Qd6 19. Be3 Rdg8 20. Rae1 Nd5 21. c3 Nxe3 22. Rxe3 f6 23. Kh1 Ne7 24. Qe4 Nc6 25. Qc4 Rg7 26. Bd5 Kc7 27. Rd1 Na5 28. Qe4 Rd8 29. Be6 Nc6 30. Qh4 Qe7 31. Re4 h5 32. b4 cxb4 33. cxb4 Nd4 34. Qf2 Nxe6 35. fxe6 Qxe6 36. Rh4 Rdg8 37. Qc2+ Kb8 38. Qc4 Qf5 39. Qe4 Qf2 0-1

[Event "BEL FEFB-ch"]
[Site "Fontaine l'Eveque"]
[Date "2009.06.01"]
[Round "6"]
[White "Duhayon, Yves"]
[Black "Werner, Yvan"]
[Result "1-0"]
[WhiteElo "2227"]
[BlackElo "2065"]
[PlyCount "41"]
[EventDate "2009.05.29"]
[EventType "tourn"]
[EventRounds "7"]
[EventCountry "BEL"]
[SourceTitle "EXT 2010"]
[Source "ChessBase"]
[SourceDate "2010.11.25"]
[SourceVersion "1"]
[SourceVersionDate "2010.11.25"]
[SourceQuality "1"]

1. d4 Nf6 2. c4 c5 3. d5 e6 4. Nc3 exd5 5. cxd5 Bd6 6. Nf3 0-0 7. Bg5 Bc7 8. d6 Ba5 9. e3 Qb6 10. Rb1 Ne4 11. Bd3 Nxc3 12. bxc3 Bxc3+ 13. Ke2 Qa5 14. Qc2 Bf6 15. Bxh7+ Kh8 16. Bxf6 gxf6 17. Bd3 Nc6 18. Qc4 Rg8 19. Qxf7 Rg7 20. Qf8+ Rg8 21. Qh6# 1-0

[Event "BEL-ch op"]
[Site "Namur"]
[Date "2006.07.08"]
[Round "8"]
[White "Werner, Yvan"]
[Black "Van Praet, Reinald"]
[Result "1-0"]
[WhiteElo "2091"]
[BlackElo "1731"]
[PlyCount "88"]
[EventDate "2006.07.01"]
[EventType "swiss"]
[EventRounds "9"]
[EventCountry "BEL"]
[SourceTitle "CBM 113 Extra"]
[Source "ChessBase"]
[SourceDate "2006.09.14"]
[SourceVersion "1"]
[SourceVersionDate "2006.09.14"]
[SourceQuality "1"]

1. e4 c5 2. Nf3 Nc6 3. c3 d5 4. exd5 Qxd5 5. d4 e5 6. dxe5 Qxd1+ 7. Kxd1 Bf5 8. Be3 0-0-0+ 9. Kc1 f6 10. exf6 Nxf6 11. Nbd2 Nd5 12. Bc4 Nxe3 13. fxe3 g6 14. e4 Bg4 15. h3 Bxf3 16. Nxf3 Bh6+ 17. Kc2 Rhe8 18. Bd5 Ne5 19. Nxe5 Rxe5 20. Rad1 Rf8 21. Rhf1 Ree8 22. a4 Rxf1 23. Rxf1 Rf8 24. Rxf8+ Bxf8 25. Kd3 b6 26. Kc4 g5 27. Be6+ Kc7 28. Kd5 h5 29. Bf5 h4 30. Bg4 Be7 31. Be2 Bf8 32. Bb5 Be7 33. Ke6 Bd8 34. Ba6 Kc6 35. e5 Kc7 36. Bb5 Kc8 37. Kf7 Kc7 38. Ke8 g4 39. hxg4 Bg5 40. Kf7 Kd8 41. b3 a5 42. c4 Be7 43. Ke6 Bg5 44. Kf5 Be3 1-0

[Event "BEL FEFB-ch"]
[Site "Fontaine l'Eveque"]
[Date "2004.??.??"]
[Round "5"]
[White "Verspecht, Thierry"]
[Black "Werner, Yvan"]
[Result "1-0"]
[WhiteElo "2148"]
[BlackElo "2094"]
[PlyCount "73"]
[EventDate "2004.05.20"]
[EventType "swiss"]
[EventRounds "7"]
[EventCountry "BEL"]
[SourceTitle "EXT 2008"]
[Source "ChessBase"]
[SourceDate "2007.11.25"]
[SourceVersion "1"]
[SourceVersionDate "2007.11.25"]
[SourceQuality "1"]

1. e4 c5 2. Nf3 Nc6 3. Bb5 d6 4. 0-0 Bd7 5. c3 a6 6. Bc4 Nf6 7. Re1 Qc7 8. h3 Ne5 9. Bf1 Nxf3+ 10. Qxf3 e5 11. d4 Be7 12. dxe5 dxe5 13. a4 0-0 14. c4 Ne8 15. Nc3 Qd6 16. Rd1 Qe6 17. Nd5 Bc6 18. Be3 Bd6 19. g4 h5 20. Qg3 hxg4 21. hxg4 Qg6 22. f3 f5 23. exf5 Rxf5 24. Bd3 e4 25. Bxe4 Bxg3 26. Ne7+ Kf7 27. Nxg6 Rf6 28. Bxc6 bxc6 29. Kg2 Bd6 30. Nh4 Rb8 31. Rd2 Be5 32. Bxc5 Rxb2 33. Rxb2 Bxb2 34. Rb1 Be5 35. Rb7+ Nc7 36. Bb6 Re6 37. Nf5 1-0

[Event "BEL FEFB-ch"]
[Site "Dampremy"]
[Date "1997.05.09"]
[Round "2"]
[White "Wantiez, Fabrice"]
[Black "Werner, Yvan"]
[Result "1-0"]
[WhiteElo "2261"]
[BlackElo "2094"]
[PlyCount "103"]
[EventDate "1997.05.08"]
[EventType "swiss"]
[EventRounds "7"]
[EventCountry "BEL"]
[SourceTitle "EXT 2008"]
[Source "ChessBase"]
[SourceDate "2007.11.25"]
[SourceVersion "1"]
[SourceVersionDate "2007.11.25"]
[SourceQuality "1"]

1. e4 c5 2. Nf3 Nc6 3. d4 cxd4 4. Nxd4 Nf6 5. Nc3 e5 6. Ndb5 d6 7. a4 a6 8. Na3 Be6 9. Bc4 Be7 10. Bg5 0-0 11. Bxf6 Bxf6 12. Nd5 Bg5 13. 0-0 Kh8 14. Ba2 Rc8 15. c3 Ne7 16. Qd3 Ng6 17. Nc4 f5 18. Nde3 Bxe3 19. Nxe3 Nf4 20. Qc2 Bxa2 21. Rxa2 fxe4 22. Qxe4 Qh4 23. Qxb7 Rcd8 24. Qf3 h5 25. c4 e4 26. Qd1 Qg5 27. b3 Nd3 28. Qd2 Ne5 29. Kh1 Qh4 30. Qe2 d5 31. cxd5 Rxd5 32. Nxd5 Ng4 33. h3 Rf3 34. Kg1 Ne5 35. Ne3 Rxh3 36. gxh3 Nf3+ 37. Qxf3 exf3 38. Rd1 Qxh3 39. Rd4 Qc8 40. Rc2 Qb8 41. b4 Qe8 42. Rc5 Qg6+ 43. Kh2 Qf6 44. Rxh5+ Kg8 45. Rg4 Qd6+ 46. Kh3 Qd7 47. a5 g6 48. Rh6 Kf8 49. Rhxg6 Qh7+ 50. Kg3 Qc7+ 51. Rf4+ Qxf4+ 52. Kxf4 1-0